• 首页
  • 本馆介绍
  • 公告通知
  • 最新文献
  • 馆藏检索
  • 电子资源
  • 读者导购
  • 参考咨询
  • 我的图书馆
  • 登录
  • 详细信息显示
  • 放入我的书架
  • 预约/预借图书
  • 作者相关作品
  • 分类相关作品
  • 丛书相关作品
  • 出版社相关作品

书目信息

  • 表格格式
  • 工作单格式
  • 卡片格式
题名:
教研室建设与管理及考核评估实务全书
    
 
作者: 李海东 主编
分册:  
出版信息: [北京]   中科多媒体电子出版社  2003
页数: 3册(10,1480页)
开本: 26cm
丛书名:
单 册:
中图分类: G472.5
科图分类:
主题词: 教研组--工作--基本知识 , 教研组 , 学校管理
电子资源:
ISBN: 7-900130-76-4
000 00979nam0 2200265 450
001 1261942048
005 20121004171322.98
010    @a7-900130-76-4@b精装@dCNY790.00
100    @a20050119d2003 em y0chiy50 ea
101 0  @achi
102    @aCN@b110000
105    @ay z 000yy
200 1  @a教研室建设与管理及考核评估实务全书@Ajiao yan shi jian she yu guan li ji kao he ping gu shi wu quan shu@f李海东主编
210    @a[北京]@c中科多媒体电子出版社@d2003
215    @a3册(10,1480页)@d26cm@e1光盘
300    @a本手册是《教研室建设与管理及考核评估实务全书》光盘的使用说明和对照手册
307    @a附光盘:ISBN 7-900130-76-4
330    @a本书分为六篇,介绍了教研室工作基本理论、教研室建设管理、教研室综合事务管理、教研室考核评估、教研室管理规章制度等。
606 0  @a教研组@x工作@x基本知识
606 0  @a教研组
606 0  @a学校管理
690    @aG472.5@v4
701  0 @a李海东@Ali hai dong@c(教育)@4主编
801  0 @aCN@bNLC@c20101222
905    @a10447@dG472.5@eJY286:3
    
    教研室建设与管理及考核评估实务全书/李海东主编.-[北京]:中科多媒体电子出版社,2003
    3册(10,1480页);26cm+1光盘
    本手册是《教研室建设与管理及考核评估实务全书》光盘的使用说明和对照手册
    
    ISBN 7-900130-76-4(精装):CNY790.00
    本书分为六篇,介绍了教研室工作基本理论、教研室建设管理、教研室综合事务管理、教研室考核评估、教研室管理规章制度等。
●
相关链接 在E读中查询图书 在五车中查询图书 在当当中查询图书 在豆瓣中查询图书


正题名:教研室建设与管理及考核评估实务全书     索取号:G472.5/JY286:3         预约/预借

序号 登录号 条形码 馆藏地/架位号 状态 备注
1 7805872   278058726   学院路分馆/ [索取号:G472.5/JY286:3] 在馆    
唐山师范学院图书馆 欢迎您!
大连网信软件有限公司© 版权所有